00438nam a2200157Ia 4500003000400000008004100004040001600045082001500061100002200076245007900098700002100177260003800198300001100236650001500247650001800262GCL140319s9999 xx 000 0 eng d aGCL / cGCL04a574.1bS P1 aSPRAGUE, JAMES M10aPROGRESS IN PSYCHOBOLGY AND PHYSIOLOGICAL PSYCHOLOGY / cSPRAGUE, JAMES M1 aEPSTEIN, ALAN N. a[S.N] : bACADEMIC PRESS LIMITED. a257 P04aPHYSIOLOGY04aPSYCHOBIOLOGY